000 004700000a22001810004500
003 MACL
005 20160108125026.0
008 160108b xxu||||| |||| 00| 0 eng d
040 _aMACL
_cMACL
041 _aEnglish
082 _a910/VER
100 _aVerma, Rajendra
_929623
245 _aThe Freedom Struggle in the Bhopal State
260 _bIntellectual Publishing House
_c1984
_aNew Delhi
350 _a80
650 _aTravel
_929624
942 _cBK
_k910/VER
_2ddc
999 _c33801
_d33801